=LDR 00000nam 2200000 4500 =001 INLIS000000000032483 =005 20130612134504 =008 ***********************************ind** =035 ##$$0010-061300000032483 =041 ##$$a ind =082 ##$$a 2x2 =090 ##$$a 2x2, Sya s =245 ##$$a Syarah Arbain An-Nawawi, Al-Imam Muhyiddin An-Nawawi...[et .al];Penerjemah, Ahmad Syaikhu, S.As =260 ##$$a 2008 $b jakarta =300 ##$$a xxxiii,416 hlm, 24 cm =650 ##$$a Hadis Islam =700 ##$$a An-Nawawi, Il-Imam Muhyiddin =850 ##$$a NBPNMAT